000 00256nam a22001097a 4500
008 170124b xxu||||| |||| 00| 0 eng d
020 _a9780803609457
041 _aeng
080 _26TH
_a618.2
245 _aNURSING CARE PLANS
_cDOENGES, M.E
942 _2udc
_cBK
999 _c3524
_d3524